000 00756nam a2200253 4500
001 44737
010 _a9789898760142
021 _b392769/15
090 _a44737
100 _a20151029d2015 m y0pory50030103ba
101 0 _apor
102 _aPT
200 1 _aSão Martinho do Porto
_emomentos...
_fFilipa Vera Jardim, Pedro Soares de Mello
205 _a1.ª ed.
210 9 _aLsboa
_cParsifal,
_d2015
215 _a[104] p.
_cmuito il.
_d24 cm
675 _a821.134.3-992
675 _a908(469.325)
_vBN
_zpor
675 _a77.03
_vBN
_zpor
700 1 _aJardim,
_bFilipa Vera
701 1 _aMelo,
_bPedro Soares de
_4070
801 0 _aPT
_bBN
_gRPC
856 4 1 _uhttp://rnod.bnportugal.gov.pt/ImagesBN/winlibimg.aspx?skey=&doc=1913674&img=68347&save=true
990 _cLIVROS